[Event "FICGS W-ch st2 g04 email"]
[Site "FICGS email"]
[Date "2014.12.09"]
[Round "1"]
[White "Batal, Jean"]
[Black "Fric, Lubos"]
[Result "1/2-1/2"]
[WhiteElo "2063"]
[BlackElo "2170"]
[PlyCount "95"]
[EventDate "2014.??.??"]
[EventType "tourn (corr)"]
[EventRounds "8"]
[SourceTitle "Corr 2022"]
[Source "ChessBase"]
[SourceDate "2021.10.24"]
[SourceVersion "1"]
[SourceVersionDate "2021.10.24"]
[SourceQuality "1"]

1. c4 e5 2. g3 Nf6 3. Bg2 d5 4. cxd5 Nxd5 5. Nc3 Nb6 6. Nf3 Nc6 7. 0-0 Be7 8. d3 0-0 9. Be3 Be6 10. Rc1 f5 11. a3 Re8 12. Na4 e4 13. Ne1 Nd5 14. Nc2 Nxe3 15. Nxe3 f4 16. gxf4 Bd6 17. dxe4 Bxf4 18. Qxd8 Raxd8 19. Nc5 Nd4 20. Bf3 Bh3 21. Rfd1 Rd6 22. Kh1 Nxf3 23. exf3 Rf8 24. Nxb7 Bxe3 25. fxe3 Rxd1+ 26. Rxd1 Rxf3 27. Kg1 Rxe3 28. Nc5 Rf3 29. Nd3 Rf6 30. b4 Kf8 31. a4 Ke8 32. Rc1 h5 33. a5 Kd8 34. Ne5 Kc8 35. b5 Kb7 36. Nd3 h4 37. Nc5+ Kc8 38. Na6 Rf7 39. Nb4 Bd7 40. b6 axb6 41. axb6 Bh3 42. Nd5 c5 43. Rxc5+ Kb7 44. Rc1 Rf3 45. e5 Rf5 46. Rc7+ Kb8 47. Ne3 Rxe5 48. Kf2 1/2-1/2

[Event "FICGS W-ch st2 g04 email"]
[Site "FICGS email"]
[Date "2014.12.09"]
[Round "1"]
[White "Wosch, Arkadiusz Janusz"]
[Black "Batal, Jean"]
[Result "1-0"]
[WhiteElo "2222"]
[BlackElo "2063"]
[PlyCount "79"]
[EventDate "2014.??.??"]
[EventType "tourn (corr)"]
[EventRounds "8"]
[SourceTitle "Corr 2022"]
[Source "ChessBase"]
[SourceDate "2021.10.24"]
[SourceVersion "1"]
[SourceVersionDate "2021.10.24"]
[SourceQuality "1"]

1. e4 g6 2. d4 Bg7 3. Nc3 d6 4. Be3 a6 5. Qd2 b5 6. f3 Nd7 7. 0-0-0 Bb7 8. h4 h5 9. Nh3 Rc8 10. Ng5 c5 11. dxc5 Nxc5 12. Bd4 Nf6 13. Kb1 0-0 14. g4 e5 15. Bxc5 dxc5 16. gxh5 Nxh5 17. Nd5 Rc6 18. Bh3 Kh8 19. Qe3 f5 20. Rhg1 Qe8 21. Rge1 Bc8 22. a3 f4 23. Qc3 Bxh3 24. Nxh3 Qf7 25. Re2 Qb7 26. Ng5 Re8 27. Red2 Bf8 28. Qb3 Ng7 29. c4 b4 30. axb4 cxb4 31. c5 Bxc5 32. Nxf4 exf4 33. Rd7 Rc7 34. Qf7 Rxd7 35. Rxd7 Qxd7 36. Qxd7 Be7 37. Ne6 b3 38. Kc1 Bf6 39. e5 Re7 40. Qd8+ 1-0

[Event "FICGS W-ch st1 g07 email"]
[Site "FICGS email"]
[Date "2014.03.03"]
[Round "1"]
[White "Batal, Jean"]
[Black "Davis, Mark"]
[Result "1-0"]
[WhiteElo "2056"]
[BlackElo "1049"]
[PlyCount "63"]
[EventDate "2014.??.??"]
[EventType "tourn (corr)"]
[EventRounds "8"]
[SourceTitle "Corr 2022"]
[Source "ChessBase"]
[SourceDate "2021.10.24"]
[SourceVersion "1"]
[SourceVersionDate "2021.10.24"]
[SourceQuality "1"]

1. c4 c5 2. Nc3 Nc6 3. g3 b6 4. Bg2 Bb7 5. d3 Nf6 6. e4 e5 7. Nge2 Be7 8. 0-0 0-0 9. h3 Nd4 10. Be3 d6 11. f4 Rb8 12. f5 Nd7 13. Qd2 Nxe2+ 14. Nxe2 Nf6 15. Bf3 Re8 16. Kh2 Kh8 17. Rg1 Rg8 18. g4 Qc7 19. g5 Ne8 20. Nc3 a6 21. Nd5 Bxd5 22. cxd5 a5 23. h4 c4 24. Rac1 b5 25. b3 Qd7 26. dxc4 b4 27. h5 Nc7 28. g6 hxg6 29. hxg6 f6 30. Qg2 Rgd8 31. Qh3+ Kg8 32. Qh7+ 1-0

[Event "FICGS rapid A 000152 email"]
[Site "FICGS email"]
[Date "2013.11.28"]
[Round "1"]
[White "Moreira, Jose"]
[Black "Batal, Jean"]
[Result "0-1"]
[WhiteElo "1982"]
[BlackElo "1984"]
[PlyCount "78"]
[EventDate "2013.??.??"]
[EventType "tourn (rapid)"]
[EventRounds "6"]
[SourceTitle "Corr 2022"]
[Source "ChessBase"]
[SourceDate "2021.10.24"]
[SourceVersion "1"]
[SourceVersionDate "2021.10.24"]
[SourceQuality "1"]

1. e4 e6 2. d4 d5 3. Nc3 dxe4 4. Nxe4 Nd7 5. Nf3 Be7 6. Bd3 Ngf6 7. Nxf6+ Nxf6 8. 0-0 0-0 9. Qe2 b6 10. Bf4 Bb7 11. Rad1 Qc8 12. c4 Re8 13. Ne5 c5 14. dxc5 Qxc5 15. Rfe1 Rad8 16. Bd2 Qc7 17. Bc3 Bd6 18. b4 Rc8 19. a3 Red8 20. Kh1 h6 21. Kg1 a5 22. h3 axb4 23. axb4 Ra8 24. Bb1 Kf8 25. Qc2 Be7 26. Rc1 Ra7 27. f3 Raa8 28. Kh1 Ba6 29. Qf2 Kg8 30. f4 Bb7 31. f5 exf5 32. Qxf5 Qc8 33. Ng4 Qxf5 34. Bxf5 Kf8 35. Nxf6 Bxf6 36. Bxf6 gxf6 37. Re2 Rd4 38. c5 bxc5 39. bxc5 Bc6 0-1

[Event "FICGS rapid A 000146 email"]
[Site "FICGS email"]
[Date "2013.09.06"]
[Round "1"]
[White "Batal, Jean"]
[Black "Roe, Philip"]
[Result "1/2-1/2"]
[WhiteElo "1964"]
[BlackElo "1913"]
[PlyCount "107"]
[EventDate "2013.??.??"]
[EventType "tourn (rapid)"]
[EventRounds "6"]
[SourceTitle "Corr 2022"]
[Source "ChessBase"]
[SourceDate "2021.10.24"]
[SourceVersion "1"]
[SourceVersionDate "2021.10.24"]
[SourceQuality "1"]

1. c4 g6 2. Nc3 Bg7 3. g3 d6 4. Bg2 e5 5. e4 Nc6 6. d3 f5 7. Nge2 Nh6 8. h4 Nf7 9. h5 g5 10. exf5 Bxf5 11. Be3 Qd7 12. h6 Nxh6 13. Bxg5 Nf7 14. Bh4 0-0 15. Ne4 Rae8 16. Qd2 Nfd8 17. 0-0-0 Ne6 18. Kb1 Ned4 19. N2c3 Bg4 20. Ng5 Bh6 21. Bd5+ Kg7 22. f4 Bxd1 23. Qxd1 exf4 24. Be4 fxg3 25. Nxh7 g2 26. Rg1 Rxe4 27. Nxf8 Qh3 28. Nxe4 Kxf8 29. Bg5 Bg7 30. Bf4 Nb4 31. Ng3 Nbc2 32. Qd2 Nf3 33. Bxd6+ Kg8 34. Qxg2 Nxg1 35. Qxg1 Bd4 36. Qf1 Qxf1+ 37. Nxf1 Ne1 38. Bxc7 Nxd3 39. b3 Kf7 40. Ng3 Ke6 41. Ne2 Be5 42. Ba5 Kd7 43. Kc2 Nf4 44. Nxf4 Bxf4 45. Bd2 Be5 46. b4 b6 47. Kd3 Kc6 48. b5+ Kb7 49. Ke4 Bd6 50. Kd5 Ba3 51. Bf4 a6 52. Bd6 Bc1 53. a4 axb5 54. axb5 1/2-1/2

[Event "FICGS rapid A 000146 email"]
[Site "FICGS email"]
[Date "2013.09.06"]
[Round "1"]
[White "Krakovsky, Peter"]
[Black "Batal, Jean"]
[Result "1/2-1/2"]
[WhiteElo "1907"]
[BlackElo "1964"]
[PlyCount "71"]
[EventDate "2013.??.??"]
[EventType "tourn (rapid)"]
[EventRounds "6"]
[SourceTitle "Corr 2022"]
[Source "ChessBase"]
[SourceDate "2021.10.24"]
[SourceVersion "1"]
[SourceVersionDate "2021.10.24"]
[SourceQuality "1"]

1. c4 Nf6 2. d4 c5 3. d5 e5 4. Nc3 d6 5. e4 Be7 6. Nf3 Nbd7 7. Be2 Nf8 8. 0-0 Ng6 9. Ne1 0-0 10. Nd3 a6 11. a4 b6 12. Be3 Ne8 13. Qd2 f5 14. exf5 Bxf5 15. f3 Nf6 16. b3 h6 17. g3 Nh7 18. b4 a5 19. bxc5 bxc5 20. Nf2 Bg5 21. Nb5 Ne7 22. Rae1 Bxe3 23. Qxe3 Bc2 24. Qa3 Qd7 25. Qa2 Bg6 26. Ne4 Bxe4 27. fxe4 Nf6 28. Qc2 Nc8 29. Rf2 Nb6 30. Ref1 Qe7 31. Rf5 Rab8 32. Kg2 Kh8 33. h3 Kh7 34. R5f3 Kg8 35. Rb1 Qd7 36. Bd3 1/2-1/2

[Event "FICGS unrated 00003 email"]
[Site "FICGS email"]
[Date "2013.06.18"]
[Round "1"]
[White "Kalapos, Karol"]
[Black "Batal, Jean"]
[Result "0-1"]
[WhiteElo "1722"]
[BlackElo "1964"]
[PlyCount "68"]
[EventDate "2013.??.??"]
[EventType "swiss (corr)"]
[EventRounds "1"]
[SourceTitle "Corr 2022"]
[Source "ChessBase"]
[SourceDate "2021.10.24"]
[SourceVersion "1"]
[SourceVersionDate "2021.10.24"]
[SourceQuality "1"]

1. c4 Nf6 2. g3 d6 3. d4 e5 4. d5 Be7 5. Bg2 0-0 6. e4 Nbd7 7. Ne2 Nc5 8. Nbc3 a5 9. 0-0 Ne8 10. Be3 f5 11. f4 Nxe4 12. Nxe4 fxe4 13. fxe5 Rxf1+ 14. Qxf1 dxe5 15. Nc3 Nd6 16. Qe2 b6 17. Rf1 Bf5 18. Nxe4 Bxe4 19. Bxe4 Nxe4 20. Bxb6 Nxg3 21. hxg3 cxb6 22. Qxe5 Bc5+ 23. Kg2 Qd6 24. Qxd6 Bxd6 25. Re1 Bc5 26. Rd1 Kf7 27. Re1 Re8 28. Rxe8 Kxe8 29. Kh3 Ke7 30. Kg4 Kf6 31. b3 g6 32. Kf3 h5 33. Kg2 Kf5 34. Kh3 g5 0-1

[Event "FICGS W-ch st1 g09 email"]
[Site "FICGS email"]
[Date "2012.12.09"]
[Round "1"]
[White "Batal, Jean"]
[Black "Burrows, Nick"]
[Result "1/2-1/2"]
[WhiteElo "1960"]
[BlackElo "1935"]
[PlyCount "96"]
[EventDate "2012.??.??"]
[EventType "tourn (corr)"]
[EventRounds "8"]
[SourceTitle "Corr 2022"]
[Source "ChessBase"]
[SourceDate "2021.10.24"]
[SourceVersion "1"]
[SourceVersionDate "2021.10.24"]
[SourceQuality "1"]

1. Nf3 d5 2. g3 Nf6 3. Bg2 c6 4. 0-0 Bg4 5. d3 Nbd7 6. Nbd2 e5 7. e4 dxe4 8. dxe4 Bc5 9. h3 Bh5 10. Qe1 0-0 11. Nc4 Re8 12. a4 b5 13. Na5 Qc7 14. Nh4 a6 15. Nb3 Bf8 16. Bg5 Nb6 17. axb5 cxb5 18. Bxf6 gxf6 19. c3 Red8 20. Nf5 Nc4 21. g4 Bg6 22. Qe2 a5 23. Rad1 a4 24. Nc1 a3 25. bxa3 Qa5 26. a4 Qxa4 27. h4 Rac8 28. Rd3 Qa3 29. Qd1 Qa5 30. Nb3 Rxd3 31. Qxd3 Qa4 32. Nc1 Bxf5 33. gxf5 Bd6 34. Qe2 Qa3 35. Qd3 Rd8 36. Qc2 Qa4 37. Nb3 Bc5 38. h5 Bb6 39. Ra1 Rd2 40. Qxd2 Qxa1+ 41. Nxa1 Nxd2 42. Nc2 Nb1 43. Nb4 Ba5 44. Nd5 Bxc3 45. Bf1 b4 46. Bd3 Na3 47. Kg2 Kh8 48. Kf3 Kg7 1/2-1/2

[Event "FICGS W-ch st1 g09 email"]
[Site "FICGS email"]
[Date "2012.12.09"]
[Round "1"]
[White "Batal, Jean"]
[Black "Pepermans, Toon"]
[Result "1/2-1/2"]
[WhiteElo "1960"]
[BlackElo "2000"]
[PlyCount "71"]
[EventDate "2012.??.??"]
[EventType "tourn (corr)"]
[EventRounds "8"]
[SourceTitle "Corr 2022"]
[Source "ChessBase"]
[SourceDate "2021.10.24"]
[SourceVersion "1"]
[SourceVersionDate "2021.10.24"]
[SourceQuality "1"]

1. Nf3 d5 2. g3 g6 3. Bg2 Bg7 4. 0-0 e5 5. d3 Ne7 6. Nbd2 0-0 7. e4 Nbc6 8. c3 a5 9. a4 d4 10. Nb3 b6 11. cxd4 exd4 12. Nbd2 Nb4 13. Nc4 Nec6 14. Bf4 Na6 15. e5 Be6 16. Ng5 Bd5 17. e6 Bxg2 18. exf7+ Rxf7 19. Kxg2 Qd5+ 20. Qf3 Qxf3+ 21. Kxf3 Rd7 22. Ne4 Re7 23. Bg5 Re6 24. Bd2 Rf8+ 25. Kg2 Ncb4 26. Bxb4 Nxb4 27. Rad1 Nxd3 28. Ng5 Rc6 29. Nxa5 bxa5 30. Rxd3 Re8 31. Nf3 Rc4 32. b3 Rc3 33. Re1 Rf8 34. Ne5 Re8 35. Nf3 Rf8 36. Ne5 1/2-1/2

[Event "FICGS rapid A 000100 email"]
[Site "FICGS email"]
[Date "2011.02.12"]
[Round "1"]
[White "Batal, Jean"]
[Black "Friend, Reuben"]
[Result "1/2-1/2"]
[WhiteElo "1907"]
[BlackElo "1914"]
[PlyCount "48"]
[EventDate "2011.??.??"]
[EventType "tourn (rapid)"]
[EventRounds "6"]
[SourceTitle "Corr 2013"]
[Source "ChessBase"]
[SourceDate "2012.11.12"]
[SourceVersion "1"]
[SourceVersionDate "2012.11.12"]
[SourceQuality "1"]

1. Nf3 Nf6 2. g3 g6 3. Bg2 Bg7 4. 0-0 0-0 5. d3 a5 6. e4 d6 7. Nbd2 Nc6 8. c3 e5 9. a4 Nd7 10. Ne1 Nc5 11. Nc4 Be6 12. Nf3 Nxe4 13. Nfxe5 Nxe5 14. Nxe5 Nxf2 15. Rxf2 dxe5 16. Bxb7 Rb8 17. Bg2 Bf5 18. Bf1 Qe7 19. Be3 Rfd8 20. Rd2 c5 21. Qe2 Qd6 22. g4 Be6 23. g5 Bf5 24. Re1 Qc7 1/2-1/2

[Event "FICGS rapid A 000100 email"]
[Site "FICGS email"]
[Date "2011.02.12"]
[Round "1"]
[White "Cesbron, Guy"]
[Black "Batal, Jean"]
[Result "1/2-1/2"]
[WhiteElo "1955"]
[BlackElo "1907"]
[PlyCount "56"]
[EventDate "2011.??.??"]
[EventType "tourn (rapid)"]
[EventRounds "6"]
[SourceTitle "Corr 2013"]
[Source "ChessBase"]
[SourceDate "2012.11.12"]
[SourceVersion "1"]
[SourceVersionDate "2012.11.12"]
[SourceQuality "1"]

1. e4 d6 2. d4 Nf6 3. Nc3 Nbd7 4. f4 e5 5. Nf3 exd4 6. Qxd4 c6 7. Be3 d5 8. exd5 Bc5 9. Qd3 Qe7 10. Nd4 Nb6 11. dxc6 bxc6 12. Be2 Ba6 13. Qd2 Ng4 14. Bg1 Nc4 15. Nxc6 Bxg1 16. Nxe7 Bf2+ 17. Kd1 Nge3+ 18. Kc1 Nxd2 19. Bxa6 Kxe7 20. Kxd2 Rhd8+ 21. Ke2 Nxc2 22. Kxf2 Rd2+ 23. Kf3 Nxa1 24. Rxa1 Rxb2 25. Bc4 Rd8 26. Nd5+ Kf8 27. Ne3 Rb7 28. Re1 g6 1/2-1/2

[Event "FICGS class B 000131 email"]
[Site "FICGS email"]
[Date "2010.12.19"]
[Round "1"]
[White "Batal, Jean"]
[Black "Bayer, Bernhard"]
[Result "1/2-1/2"]
[WhiteElo "1907"]
[BlackElo "1967"]
[PlyCount "124"]
[EventDate "2010.??.??"]
[EventType "tourn (corr)"]
[EventRounds "6"]
[SourceTitle "Corr 2013"]
[Source "ChessBase"]
[SourceDate "2012.11.12"]
[SourceVersion "1"]
[SourceVersionDate "2012.11.12"]
[SourceQuality "1"]

1. Nf3 Nf6 2. g3 g6 3. Bg2 Bg7 4. 0-0 0-0 5. d3 d6 6. e4 c5 7. Nbd2 Nc6 8. c3 e5 9. a3 h6 10. b4 Be6 11. Bb2 Nd7 12. b5 Ne7 13. Nc4 Nb6 14. Nfd2 Nxc4 15. Nxc4 a6 16. a4 d5 17. exd5 Nxd5 18. Qe2 Qc7 19. Rfe1 axb5 20. axb5 Rxa1 21. Rxa1 b6 22. Ne3 Nxe3 23. fxe3 Qd6 24. c4 Rd8 25. Ra3 e4 26. Bxe4 Bxb2 27. Qxb2 Bxc4 28. Kf2 Qe6 29. h4 Bd5 30. Bxd5 Qxd5 31. e4 Qe6 32. Qa1 Kh7 33. Qf1 Rd4 34. Ra7 Rd7 35. Rxd7 Qxd7 36. Ke2 Kg8 37. Qb1 Qd6 38. Kf3 Qf6+ 39. Ke2 Qe5 40. Kf3 Kg7 41. Qb3 Kf6 42. Qc2 Qd4 43. Qb3 Qb4 44. e5+ Kg7 45. Qc4 Qb1 46. Qe4 Qxb5 47. e6 fxe6 48. Qe5+ Kf7 49. Qc7+ Ke8 50. Ke3 c4 51. dxc4 Qc5+ 52. Qxc5 bxc5 53. g4 Ke7 54. g5 h5 55. Ke4 Kd6 56. Kf4 e5+ 57. Kf3 Kd7 58. Ke3 Ke7 59. Kf3 Ke6 60. Ke4 Kd6 61. Kf3 Ke7 62. Ke3 Ke6 1/2-1/2

[Event "FICGS class B 000131 email"]
[Site "FICGS email"]
[Date "2010.12.19"]
[Round "1"]
[White "Batal, Jean"]
[Black "Wilson, Norman C"]
[Result "1-0"]
[WhiteElo "1907"]
[BlackElo "1864"]
[PlyCount "77"]
[EventDate "2010.??.??"]
[EventType "tourn (corr)"]
[EventRounds "6"]
[SourceTitle "Corr 2013"]
[Source "ChessBase"]
[SourceDate "2012.11.12"]
[SourceVersion "1"]
[SourceVersionDate "2012.11.12"]
[SourceQuality "1"]

1. Nf3 Nf6 2. g3 d5 3. Bg2 Bf5 4. 0-0 e6 5. d3 h6 6. Nbd2 Nbd7 7. b3 Be7 8. Bb2 0-0 9. Qe1 Bg6 10. e4 c6 11. Qe2 dxe4 12. dxe4 Qc7 13. h3 a5 14. e5 Nd5 15. Ne4 a4 16. c4 axb3 17. cxd5 exd5 18. Nc3 bxa2 19. Rxa2 Rxa2 20. Nxa2 Re8 21. Rd1 Bc5 22. Nc1 Qb6 23. Nd3 Qa6 24. Bf1 Bb6 25. Ra1 Qb5 26. Qd2 Be4 27. Nd4 Bxd4 28. Bxd4 Qb3 29. Qe3 Bg6 30. Ra7 Qb1 31. Kg2 Kh7 32. Be2 Be4+ 33. f3 Bf5 34. g4 Bg6 35. h4 h5 36. gxh5 Bxh5 37. Nf4 Bg6 38. e6 fxe6 39. Ra1 1-0

[Event "FICGS class B 000131 email"]
[Site "FICGS email"]
[Date "2010.12.19"]
[Round "1"]
[White "Crawford, Russell"]
[Black "Batal, Jean"]
[Result "0-1"]
[WhiteElo "1914"]
[BlackElo "1907"]
[PlyCount "44"]
[EventDate "2010.??.??"]
[EventType "tourn (corr)"]
[EventRounds "6"]
[SourceTitle "Corr 2022"]
[Source "ChessBase"]
[SourceDate "2021.10.24"]
[SourceVersion "1"]
[SourceVersionDate "2021.10.24"]
[SourceQuality "1"]

1. e4 d6 2. d4 Nf6 3. Nc3 Nbd7 4. f4 e5 5. Nf3 exd4 6. Qxd4 c6 7. Bd2 Qb6 8. 0-0-0 Qxd4 9. Nxd4 Nc5 10. Re1 Ne6 11. Nf5 g6 12. Nxd6+ Bxd6 13. e5 Be7 14. exf6 Bxf6 15. Ne4 Be7 16. h4 h5 17. Bc3 Rh6 18. Ng5 b5 19. g3 a5 20. Bg2 Ra6 21. Bh3 c5 22. Bf1 c4 0-1

[Event "FICGS class B 000131 email"]
[Site "FICGS email"]
[Date "2010.12.19"]
[Round "1"]
[White "Ludwig, Christian"]
[Black "Batal, Jean"]
[Result "0-1"]
[WhiteElo "1800"]
[BlackElo "1907"]
[PlyCount "76"]
[EventDate "2010.??.??"]
[EventType "tourn (corr)"]
[EventRounds "6"]
[SourceTitle "Corr 2013"]
[Source "ChessBase"]
[SourceDate "2012.11.12"]
[SourceVersion "1"]
[SourceVersionDate "2012.11.12"]
[SourceQuality "1"]

1. d4 Nf6 2. c4 d6 3. Nc3 Nbd7 4. e4 e5 5. Nf3 Be7 6. Be2 0-0 7. 0-0 c6 8. Qc2 Re8 9. Rd1 Qc7 10. Bg5 h6 11. Be3 Bf8 12. d5 a5 13. h3 Nc5 14. Rd2 Na6 15. a3 Bd7 16. Qb1 a4 17. b4 axb3 18. Qxb3 Nc5 19. Qb1 Be7 20. Rb2 Reb8 21. Nd2 b6 22. f3 Bd8 23. Qc2 Nh5 24. Nb3 Na4 25. Nxa4 Rxa4 26. Nc1 cxd5 27. cxd5 Qxc2 28. Rxc2 f5 29. Nd3 Ng3 30. Nf2 Rba8 31. Bc1 Rc8 32. Bd3 Rxc2 33. Bxc2 Ne2+ 34. Kf1 Rc4 35. Kxe2 Rxc2+ 36. Ke1 Bh4 37. Be3 Bb5 38. Bd2 Bxf2+ 0-1

[Event "FICGS class C 000092 email"]
[Site "FICGS email"]
[Date "2009.12.05"]
[Round "1"]
[White "Batal, Jean"]
[Black "Deline, Ralph"]
[Result "0-1"]
[WhiteElo "1844"]
[BlackElo "1912"]
[PlyCount "92"]
[EventDate "2009.??.??"]
[EventType "tourn (corr)"]
[EventRounds "1"]
[SourceTitle "Corr 2022"]
[Source "ChessBase"]
[SourceDate "2021.10.24"]
[SourceVersion "1"]
[SourceVersionDate "2021.10.24"]
[SourceQuality "1"]

1. c4 e5 2. Nc3 Nf6 3. g3 Bc5 4. Bg2 Nc6 5. a3 d6 6. e3 0-0 7. Nge2 Bb6 8. 0-0 Bf5 9. d4 Na5 10. b3 h6 11. Na4 c5 12. d5 Rc8 13. Nec3 Bc7 14. e4 Bd7 15. Nb2 Bb8 16. Nd3 a6 17. a4 Re8 18. Rb1 Bc7 19. Be3 Nh7 20. f4 exf4 21. Bxf4 Qe7 22. h3 b6 23. Rb2 Qf6 24. e5 dxe5 25. Bxe5 Bxe5 26. Rxf6 Bxf6 27. Rc2 Bf5 28. g4 Bg6 29. Ne2 Nxb3 30. Nef4 Bxd3 31. Nxd3 Nd4 32. Rf2 Re3 33. a5 b5 34. cxb5 Nxb5 35. Nf4 Bd4 36. Kh1 Nf6 37. Rf3 Rce8 38. Rxe3 Rxe3 39. Ne2 Be5 40. Qf1 Nd6 41. Qf2 Rd3 42. Bf3 c4 43. h4 c3 44. g5 Nd7 45. Nxc3 Rxc3 46. gxh6 Nc5 0-1

[Event "FICGS class C 000092 email"]
[Site "FICGS email"]
[Date "2009.12.05"]
[Round "1"]
[White "Batal, Jean"]
[Black "Kepinski, Janusz"]
[Result "1-0"]
[WhiteElo "1844"]
[BlackElo "1850"]
[PlyCount "37"]
[EventDate "2009.??.??"]
[EventType "tourn (corr)"]
[EventRounds "1"]
[SourceTitle "Corr 2022"]
[Source "ChessBase"]
[SourceDate "2021.10.24"]
[SourceVersion "1"]
[SourceVersionDate "2021.10.24"]
[SourceQuality "1"]

1. c4 c5 2. Nc3 g6 3. g3 e6 4. Bg2 Bg7 5. d3 Ne7 6. e4 Nbc6 7. Nge2 0-0 8. Be3 b6 9. Qd2 Bb7 10. 0-0 Bxc3 11. Nxc3 f6 12. Ne2 Rc8 13. Bh6 Rf7 14. b3 e5 15. f4 d6 16. Bh3 Nf5 17. exf5 Qd7 18. fxg6 hxg6 19. Bxd7 1-0

[Event "FICGS class C 000092 email"]
[Site "FICGS email"]
[Date "2009.12.05"]
[Round "1"]
[White "Batal, Jean"]
[Black "Mueller Toepler, Michael"]
[Result "1-0"]
[WhiteElo "1844"]
[BlackElo "1961"]
[PlyCount "105"]
[EventDate "2009.??.??"]
[EventType "tourn (corr)"]
[EventRounds "1"]
[SourceTitle "Corr 2022"]
[Source "ChessBase"]
[SourceDate "2021.10.24"]
[SourceVersion "1"]
[SourceVersionDate "2021.10.24"]
[SourceQuality "1"]

1. c4 c5 2. Nc3 Nf6 3. e4 Nc6 4. g3 e6 5. f4 d6 6. Bg2 Be7 7. Nge2 0-0 8. 0-0 Qa5 9. d3 Bd7 10. Be3 h5 11. h3 h4 12. g4 e5 13. f5 Qd8 14. Nd5 Nxd5 15. exd5 Nd4 16. Nc3 a5 17. Ne4 Rb8 18. Qd2 f6 19. Bxd4 exd4 20. Qf4 Qb6 21. Rae1 Rfe8 22. Qf2 Bd8 23. Qxh4 Re5 24. g5 fxg5 25. Nxg5 Bxg5 26. Qxg5 Qd8 27. Qxd8+ Rxd8 28. Rxe5 dxe5 29. Be4 Kf7 30. Kh2 Ra8 31. b3 a4 32. bxa4 Rxa4 33. Rb1 Rxa2+ 34. Kg3 Ra7 35. Kg4 Bc8 36. Kg5 Ra6 37. Rb5 Rd6 38. Rxc5 Bd7 39. Rc7 b6 40. h4 Ke7 41. Bf3 Rf6 42. Bg4 Ke8 43. Ra7 Kd8 44. h5 Rd6 45. Ra1 b5 46. Ra8+ Kc7 47. cxb5 Rxd5 48. Rg8 Kb6 49. Rxg7 Bxb5 50. h6 Rd8 51. h7 Rh8 52. Kh6 Bxd3 53. Rg8 1-0

[Event "FICGS class C 000092 email"]
[Site "FICGS email"]
[Date "2009.12.05"]
[Round "1"]
[White "Thangaraj, Prabu"]
[Black "Batal, Jean"]
[Result "0-1"]
[WhiteElo "1800"]
[BlackElo "1844"]
[PlyCount "46"]
[EventDate "2009.??.??"]
[EventType "tourn (corr)"]
[EventRounds "1"]
[SourceTitle "Corr 2022"]
[Source "ChessBase"]
[SourceDate "2021.10.24"]
[SourceVersion "1"]
[SourceVersionDate "2021.10.24"]
[SourceQuality "1"]

1. e4 d6 2. d4 Nf6 3. Nc3 Nbd7 4. Nf3 e5 5. d5 Be7 6. h3 c6 7. Bc4 0-0 8. g4 Nc5 9. Qe2 b5 10. b4 Ncxe4 11. Nxe4 bxc4 12. dxc6 Nxe4 13. Qxe4 d5 14. Qxe5 Bf6 15. c7 Qd7 16. Qh5 Qe6+ 17. Be3 Bxa1 18. Ng5 Qg6 19. f4 Re8 20. Kf2 Qxc2+ 21. Kf3 Rxe3+ 22. Kxe3 d4+ 23. Kf3 Bb7+ 0-1

[Event "FICGS class C 000121 email"]
[Site "FICGS email"]
[Date "2009.08.12"]
[Round "1"]
[White "Batal, Jean"]
[Black "Panov, Dmitriy"]
[Result "1-0"]
[WhiteElo "1697"]
[BlackElo "1800"]
[PlyCount "21"]
[EventDate "2009.??.??"]
[EventType "tourn (corr)"]
[EventRounds "4"]
[SourceTitle "Corr 2022"]
[Source "ChessBase"]
[SourceDate "2021.10.24"]
[SourceVersion "1"]
[SourceVersionDate "2021.10.24"]
[SourceQuality "1"]

1. Nf3 Nf6 2. g3 b6 3. Bg2 Bb7 4. 0-0 e6 5. d3 d5 6. Nbd2 Be7 7. e4 dxe4 8. dxe4 Nxe4 9. Ne5 Qd4 10. Nxe4 Qxe5 11. Nf6+ 1-0

[Event "FICGS class C 000116 email"]
[Site "FICGS email"]
[Date "2009.06.04"]
[Round "1"]
[White "Batal, Jean"]
[Black "Soszynski, Marek J"]
[Result "1/2-1/2"]
[WhiteElo "1671"]
[BlackElo "1979"]
[PlyCount "102"]
[EventDate "2009.??.??"]
[EventType "tourn (corr)"]
[EventRounds "4"]
[SourceTitle "Corr 2022"]
[Source "ChessBase"]
[SourceDate "2021.10.24"]
[SourceVersion "1"]
[SourceVersionDate "2021.10.24"]
[SourceQuality "1"]

1. c4 e6 2. Nc3 d5 3. cxd5 exd5 4. d4 c6 5. Bf4 Nf6 6. e3 Bf5 7. Nge2 Nbd7 8. Ng3 Bg6 9. h4 Qb6 10. Qd2 h5 11. Be2 Be7 12. a3 0-0 13. 0-0 a5 14. Bd3 Bxd3 15. Qxd3 g6 16. Bg5 Rfe8 17. e4 dxe4 18. Ngxe4 Rad8 19. Nxf6+ Bxf6 20. Ne4 Bxd4 21. Bxd8 Rxd8 22. Rad1 Ne5 23. Qc2 Ng4 24. Rd2 Qc7 25. g3 c5 26. Rfd1 Qc6 27. b4 Ne5 28. Kg2 b6 29. bxc5 bxc5 30. f3 Kg7 31. Re2 f6 32. Red2 Rd7 33. a4 Re7 34. Re1 Qd5 35. Qa2 Qc6 36. Qc2 Rd7 37. Red1 Rb7 38. Rb1 Rb4 39. Rxb4 axb4 40. Qb3 Ng4 41. fxg4 f5 42. gxf5 gxf5 43. Qc2 Qb7 44. Kf3 b3 45. Qd3 Qa8 46. Rd1 Qc6 47. a5 Qd5 48. a6 b2 49. Qc2 fxe4+ 50. Qxe4 Qb3+ 51. Ke2 Qc4+ 1/2-1/2

[Event "FICGS class C 000028 email"]
[Site "FICGS email"]
[Date "2007.02.04"]
[Round "1"]
[White "Vasquez, Fernando Jose Pinto"]
[Black "Batal, Jean"]
[Result "1/2-1/2"]
[WhiteElo "1657"]
[BlackElo "1650"]
[PlyCount "108"]
[EventDate "2007.??.??"]
[EventType "tourn (corr)"]
[EventRounds "4"]
[SourceTitle "Corr 2022"]
[Source "ChessBase"]
[SourceDate "2021.10.24"]
[SourceVersion "1"]
[SourceVersionDate "2021.10.24"]
[SourceQuality "1"]

1. e4 d5 2. exd5 Nf6 3. d4 Nxd5 4. Nf3 g6 5. c4 Nb6 6. c5 Nd5 7. Bc4 Bg7 8. Nc3 c6 9. Qb3 0-0 10. 0-0 Nxc3 11. bxc3 b5 12. cxb6 axb6 13. Re1 e6 14. Bf4 Ba6 15. a4 Bxc4 16. Qxc4 Qd5 17. Qb4 Qa5 18. Bd6 Rc8 19. Ne5 Qxb4 20. cxb4 Bf8 21. Bxb8 Raxb8 22. Rec1 c5 23. dxc5 bxc5 24. b5 Bg7 25. f4 c4 26. Kf2 Rb7 27. Ra3 Bxe5 28. fxe5 Rc5 29. Rac3 Rbc7 30. Kf3 Rxe5 31. Rxc4 Rd7 32. R1c3 Rd2 33. Rc2 Rd3+ 34. Kf2 Rb3 35. Rc5 Re4 36. a5 Ra4 37. b6 Kg7 38. g3 Kf6 39. Re2 h5 40. Kg2 g5 41. Rf2+ Kg6 42. Rd2 h4 43. gxh4 gxh4 44. Rdc2 Ra1 45. R2c3 Rxc3 46. Rxc3 Rxa5 47. Rb3 Ra8 48. Kf3 Kf5 49. Rb5+ e5 50. b7 Rb8 51. h3 Ke6 52. Kg4 Kd6 53. Kxh4 Kc6 54. Rxe5 Rxb7 1/2-1/2